000 00935nam a2200265Ia 4500
003 OSt
005 20221005110301.0
006 a|||||r|||| 00| 0
007 ta
008 221004b |||||||| |||| 00| 0 hin d
020 _a9789383513208 (hbk)
024 _a14371
037 _bGift, 10/11/2014,
_cTextual
040 _aCRL
_cCRL
_bhin
041 _2hin
_ahin
082 _aO152,1N83x, Q4
100 _aसाह, मुन्ना
245 0 _aडेहरी
_b आदिवासी चेतना की कविताएं
246 _aḌeharī: ādivāsī chetanā kī kavitāean
260 _aनई दिल्ली
_bस्वराज प्रकाशन भारत
_c2014
300 _a74पृ0
_ccm.
650 _aहिन्दी साहित्य
942 _hO152,1N83x, Q4
_cTEXL
_2cc
999 _c1018334
_d1018334